000
00348nam a2200133Ia 4500
008
151001s9999||||xx |||||||||||||| ||und||
100
_a
स्टोलबर्ग
245
_a
जन्तु जीवन
250
_a
1
260
_b
जनवाणी प्रकाशन
260
_c
1998
300
_a
159
365
_b
21
999
_c
978995
_d
978992